Biomasa - komodita ovplyvňujúca rozvoj a rast konkurencieschopnosti poľnohospodárskych podnikov
Podmienky, príležitosti a prekážky pri produkcii biomasy. Biomasa podľa v súčasnosti dostupných zdrojov. Biomasa podľa produkčného odvetvia. Lesná biomasa. Bariéry pre využívanie biomasy na premenu tepla. Trhové bariéry. Výroba bioplynu. Prekážky v ekonomickej oblasti. Celkový a technický potenciál...
Gespeichert in:
| 1. Verfasser: | |
|---|---|
| Weitere Verfasser: | |
| Format: | Buchkapitel |
| Sprache: | Slowakisch |
| Schlagworte: | |
| Tags: |
Keine Tags, Fügen Sie das erste Tag hinzu!
|
MARC
| LEADER | 00000naa$a2200000$$$4500 | ||
|---|---|---|---|
| 001 | 0143991 | ||
| 005 | 20240502072559.7 | ||
| 041 | 0 | |a slo | |
| 044 | |a SK | ||
| 245 | 1 | 0 | |a Biomasa - komodita ovplyvňujúca rozvoj a rast konkurencieschopnosti poľnohospodárskych podnikov |c Miroslav Tóth, Alena Tóthová |
| 520 | |a Podmienky, príležitosti a prekážky pri produkcii biomasy. Biomasa podľa v súčasnosti dostupných zdrojov. Biomasa podľa produkčného odvetvia. Lesná biomasa. Bariéry pre využívanie biomasy na premenu tepla. Trhové bariéry. Výroba bioplynu. Prekážky v ekonomickej oblasti. Celkový a technický potenciál obnoviteľných zdrojov energie (OZE), podiel jednotlivých zdrojov energie v percentách. | ||
| 610 | 2 | 0 | |a poľnohospodárstvo |
| 610 | 2 | 0 | |a biomasa |
| 610 | 2 | 0 | |a bioplyn |
| 610 | 2 | 0 | |a zdroje energie obnoviteľné |
| 610 | 2 | 0 | |a výroba |
| 610 | 2 | 0 | |a konkurencieschopnosť |
| 100 | 1 | |a Tóth, Miroslav, 1961- | |
| 700 | 1 | |a Tóthová, Alena, 1968- | |